000
00309nam a22001217a 4500
999
_c
15396
_d
15396
020
_a
9789351768449
082
_a
425.76
_b
BAK/OB
100
_a
Bakshi, S.P
_9
3076
245
_a
Objective general english for all competitive exams
260
_a
India
_b
Arihant publications
_c
2000
300
_a
776
942
_c
BBS